000
00318nam a22001217a 4500
008
160426b xxu||||| |||| 00| 0 eng d
020
_a
9780781777926
020
_a
100781777926
041
_a
eng
080
_a
618.2
245
_a
Nursing diagnosis:
_c
Virginia Arcangelo; Susan Bohnenkaup; Tere Bryant;
942
_2
udc
_c
BK
999
_c
1590
_d
1590